000 01004nam a2200301 i 4500
001 000012905
003 DO-SdBNP
005 20250204125851.0
006 a||||gr|||| 00| 0
007 ta
008 091118n19uu dr a 001 0 spa d
040 _aDO-SdBNP
_bspa
_cBNPHU
_erda
041 _aspa
082 4 _aRD863.4
_bN789cu
_222
100 1 _aNolasco, Sócrates,
_d1884-1980
_eautor
_4aut.
_922323
245 1 0 _aCuentos del sur /
_cSócrates Nolasco; prólogo, José Manuel Poveda.
264 1 _aCiudad Trujillo, R. D. :
_bImprenta la Opinión.
_c[190?]
300 _a228 páginas :
_bilustraciones ;
_c18 cm.
336 _atexto
_btxt
_2rdacontent
337 _asin mediación
_bn
_2rdamedia
338 _avolumen
_bnc
_2rda carrier
590 _aInventariado, 2023 / MF
650 4 _aCuentos dominicanos
_xColecciones
_9503
650 4 _aLiteratura dominicana.
_967
700 1 _aPoveda, José Manuel,
_eprologuista
_4pr.
_929791
910 _aValidado. Control de calidad MFF
942 _2ddc
_cLBS1
999 _c12553
_d12553